000 00459nam a2200109Ia 4500
008 160909s9999 xx 000 0 und d
100 _aSprauer, William A.
245 _aSelf-organization and Sense-making in Architect-Engineer Design Teams: Leveraging Health Care's Approach to "Managing" Complex Adaptive Systems
260 _bThe George Washington University.
_c2016
650 _aNursing
856 _uhttp://pqdtopen.proquest.com/doc/1808428041.html?FMT=ABS
999 _c303910
_d303910